Study on systematic land registration process in cher teal svay chrum district svay rieng province, សិក្សាលើដំណើរការចុះបញ្ជីដីធ្លីមានលក្ខណៈជាប្រព័ន្ធនៅឃុំលើទាល ស្រុកស្វាយជ្រុំ ខេត្តស្វាយរៀង (Record no. 5609)
[ view plain ]
| 000 -LEADER | |
|---|---|
| fixed length control field | 00728nam a22001577a 4500 |
| 003 - CONTROL NUMBER IDENTIFIER | |
| control field | OSt |
| 005 - DATE AND TIME OF LATEST TRANSACTION | |
| control field | 20160105112307.0 |
| 008 - FIXED-LENGTH DATA ELEMENTS--GENERAL INFORMATION | |
| fixed length control field | 160105b xxu||||| |||| 00| 0 eng d |
| 040 ## - CATALOGING SOURCE | |
| Transcribing agency | RUA |
| 082 ## - DEWEY DECIMAL CLASSIFICATION NUMBER | |
| Classification number | LMA PEN 2012 B317 Or.1 |
| 100 ## - MAIN ENTRY--PERSONAL NAME | |
| 9 (RLIN) | 6013 |
| Personal name | PEN, SOPANHA. |
| 245 ## - TITLE STATEMENT | |
| Title | Study on systematic land registration process in cher teal svay chrum district svay rieng province, សិក្សាលើដំណើរការចុះបញ្ជីដីធ្លីមានលក្ខណៈជាប្រព័ន្ធនៅឃុំលើទាល ស្រុកស្វាយជ្រុំ ខេត្តស្វាយរៀង |
| 260 ## - PUBLICATION, DISTRIBUTION, ETC. (IMPRINT) | |
| Place of publication, distribution, etc. | Phnom Penh |
| Name of publisher, distributor, etc. | RUA |
| Date of publication, distribution, etc. | 2012 |
| 300 ## - PHYSICAL DESCRIPTION | |
| Extent | ix; 47p. |
| Other physical details | ill. |
| Dimensions | 29cm. |
| 942 ## - ADDED ENTRY ELEMENTS (KOHA) | |
| Source of classification or shelving scheme | |
| Koha item type | LMA |
| Price effective from | Date last seen | Permanent Location | Not for loan | Date acquired | Source of classification or shelving scheme | Koha item type | Lost status | Withdrawn status | Date last checked out | Total Checkouts | Shelving location | Damaged status | Barcode | Current Location | Full call number |
|---|---|---|---|---|---|---|---|---|---|---|---|---|---|---|---|
| 2016-01-05 | 2016-01-05 | Library Block B | 2016-01-05 | LMA | B317 | RUA039305 | Library Block B | LMA PEN 2012 B317 Or.1 | |||||||
| 2016-01-05 | 2016-01-05 | Library Block B | 2016-01-05 | LMA | B317 | RUA017255 | Library Block B | LMA PEN 2012 B317 Or.2 | |||||||
| 2016-01-05 | 2016-01-05 | Library Block B | 2016-01-05 | LMA | B317 | RUA049232 | Library Block B | LMA PEN 2012 B317 Or.3 | |||||||
| 2016-01-05 | 2016-06-22 | Library Block B | 2016-01-05 | LMA | 2016-06-14 | 1 | B317 | RUA009419 | Library Block B | LMA PEN 2012 B317 Or.4 | |||||
| 2016-01-05 | 2025-06-21 | Library Block B | 2016-01-05 | LMA | 2025-05-12 | 1 | B317 | RUA017397 | Library Block B | LMA PEN 2012 B317 Or.5 | |||||
| 2016-01-05 | 2016-01-05 | Library Block B | 2016-01-05 | LMA | B317 | RUA016805 | Library Block B | LMA PEN 2012 B317 Or.6 | |||||||
| 2016-01-27 | 2016-09-06 | Library Block B | 2016-01-27 | LMA | 2016-07-30 | 3 | RUA012075 | Library Block B | LMA PEN 2012 B317 Or.7 |